000 00707nam a22001935i 4500
001 175872
003 ES-MaACL
005 20230906215933.0
008 101126s1933 fr f |||| | fre d
080 _a929 Isabel (436)
100 1 _aTschuppik, Karl.
_9144091
245 1 0 _aElisabeth
_b: impératrice d'Autriche : avec 8 gravures hors texte /
_cKarl Tschuppik ; traduit de l'allemand par Gabrielle Godet.
260 _aParis :
_bPlon,
_cimp. 1933.
300 _a241, [8] p. de lám. bl. y n. ;
_c19 cm.
546 _aTexto en francés.
600 0 4 _aIsabel
_cEmperatriz consorte de Francisco José I, Emperador de Austria.
_965519
700 0 _aGodet, Gabrielle.
_957520
852 _aES-MaACL
_jE-13694
999 _c175872
_d175872